|
|
|
|
| LEADER |
00957nam a2200265 4500 |
| 001 |
0023793 |
| 003 |
BD-DhAAL |
| 008 |
111123s2000 bg w 000 0 mul d |
| 040 |
|
|
|a BD-DhAAL
|c BD-DhAAL
|
| 082 |
0 |
0 |
|a 348.5492046
|2 22
|
| 245 |
0 |
4 |
|a The Mainstream Law Reports.
|n Volume V /
|c editor, Khondaker Md. Abu Bakar.
|
| 246 |
1 |
7 |
|a MLR
|
| 260 |
|
|
|a Dhaka :
|b Shahanaj Khondaker,
|c 2000.
|
| 300 |
|
|
|a Various pagings ;
|c 24 cm
|
| 362 |
0 |
|
|a Vol. 5 (2000)
|
| 500 |
|
|
|a Regd. DA-NO 50/95, Vol-V
|
| 500 |
|
|
|a Citation :5 MLR (AD)(HC)
|
| 500 |
|
|
|a a monthly legal journal
|
| 541 |
|
|
|e 00023793
|
| 650 |
|
0 |
|a Law reports, digests, etc.
|z Bangladesh.
|
| 700 |
1 |
|
|a Abu Bakar, Khondaker Muhammad.
|9 59442
|
| 852 |
1 |
|
|a Ayesha Abed Library
|
| 942 |
|
|
|2 ddc
|c 1HOUR
|
| 999 |
|
|
|c 11490
|d 11490
|
| 952 |
|
|
|0 0
|1 0
|2 ddc
|4 0
|6 348_549200000000000_046_MAI
|7 0
|9 18655
|a BRACUL
|b BRACUL
|c REF
|d 2011-11-23
|g 500.00
|l 3
|o 348.5492046 MAI
|p 3010023793
|r 2018-07-24
|s 2018-07-24
|t 1
|w 2011-11-23
|y 1HOUR
|